| 000 | 01593cam a2200289 i 4500 | ||
|---|---|---|---|
| 003 | SA-RiAUC | ||
| 005 | 20250102084356.0 | ||
| 008 | 241229s1983 tu g 000 0 ara c | ||
| 040 |
_aSA-JeALM _bara _cSA-RiAUC _erda |
||
| 041 | 1 |
_aara _hper |
|
| 082 | 0 | 4 | _a247.8 |
| 090 |
_a247.8 _bا ل و |
||
| 100 | 1 |
_aالآلوسي، محمود شكري بن عبد الله، _d1273-1342 هجري _eمؤلف. |
|
| 245 | 1 | 0 |
_aمختصر التحفة الإثنى عشرية / _cشاه عبد العزيز غلام حكيم الدهلوي ؛ نقله من الفارسية إلى العربية غلام محمد بن محيي الدين بن عمر الأسلمي ؛ اختصره وهذبه محمود شكري الآلوسي. |
| 264 | 1 |
_aنارس، الهند : _bادارة البحوث الاسلامية والدعوة والافتاء بالجامعة السلفية، _c1983 |
|
| 300 | _a386 صفحة | ||
| 336 |
_aنص _btxt _2rdacontent _3كتاب |
||
| 337 |
_aبدون وسيط _bn _2rdamedia |
||
| 338 |
_aمجلد _bnc _2rdacarrier |
||
| 650 | 7 |
_aالشيعة (فرقة إسلامية) _2aucsh |
|
| 650 | 7 |
_aالإثنا عشرية (فرقة إسلامية) _2aucsh |
|
| 700 | 1 |
_aالأسلمي، غلام محمد بن محيي الدين عمر، _dتوفي بعد 1227 هجري _eمعرب. |
|
| 700 | 1 | 2 |
_aسراج الهند الدهلوي، عبد العزيز بن أحمد بن عبد الرحيم، _d1159-1239 هجري. _tالتحفة الإثنى عشرية. |
| 740 | 2 | 2 | _aالتحفة الإثنى عشرية. |
| 942 |
_2ddc _cBOOK _n0 |
||
| 949 |
_aSA-JeALM _d241229 _uosman123 _n1 |
||
| 999 |
_c4347 _d4347 |
||